Métodos numéricos para ingenieros

Bibliographic Details
Main Author: Chapra, Steven C.
Format: Section = Libro
Language:Undetermined
Spanish
Published: México McGraw-Hill 2007
Edition:5a.ed.
Subjects:
LEADER 00595nam a2200205Ia 4500
008 240829s9999 xx 000 0 und d
020 |a 970-10-0611-4 
040 |a BIBLIOTECA-RUPAP 004 Ch467 
041 |a spa 
082 |a 004 Ch467 
100 1 |a Chapra, Steven C. 
245 1 0 |a Métodos numéricos para ingenieros 
250 |a 5a.ed. 
260 |a México  |b McGraw-Hill  |c 2007 
300 |a 4977 p. :il. 
650 7 |a PROGRAMAS Y PROGRAMACION DE COMPUTADORAS 
650 7 |b  METODOS NUMERICOS - INGENIERIA. I. Canale, Raymond P, coaut. II. Tít. 
942 |c BK  |2 ddc 
991 |a TEXTO 
999 |c 7051